Нормативность как базовая характеристика культуры; Молодежь и наука

書誌詳細
Parent link:Молодежь и наука.— 2014.— [2 с.]
第一著者: Черепанова М. В. Мария Владимировна
団体著者: Национальный исследовательский Томский политехнический университет (ТПУ) Институт социально-гуманитарных технологий (ИСГТ) Кафедра философии (ФИЛ)
その他の著者: Корниенко А. А. Алла Александровна (научный руководитель)
要約:Заглавие с титульного листа
言語:ロシア語
出版事項: 2014
シリーズ:Философия: Социальная философия
主題:
オンライン・アクセス:http://conf.sfu-kras.ru/sites/mn2014/pdf/d01/s10/s10_021.pdf
フォーマット: 電子媒体 図書の章
KOHA link:https://koha.lib.tpu.ru/cgi-bin/koha/opac-detail.pl?biblionumber=639233

MARC

LEADER 00000naa0a2200000 4500
001 639233
005 20250530104714.0
035 |a (RuTPU)RU\TPU\network\3652 
090 |a 639233 
100 |a 20150227d2014 k y0rusy50 ca 
101 0 |a rus 
102 |a RU 
135 |a drcn ---uucaa 
181 0 |a i  
182 0 |a b 
200 1 |a Нормативность как базовая характеристика культуры  |f М. В. Черепанова  |g науч. рук. А. А. Корниенко 
203 |a Текст  |c электронный 
225 1 |a Философия: Социальная философия 
300 |a Заглавие с титульного листа 
463 |t Молодежь и наука  |o материалы Х Юбилейной Всероссийской научно-технической конференции студентов, аспирантов и молодых ученых с международным участием, посвященной 80-летию образования Красноярского края, 15-25 апреля 2014 г, Красноярск  |v [2 с.]  |f Сибирский федеральный университет (СФУ)  |d 2014 
610 1 |a электронный ресурс 
610 1 |a труды учёных ТПУ 
700 1 |a Черепанова  |b М. В.  |c философ  |c ассистент Томского политехнического университета  |f 1987-  |g Мария Владимировна  |3 (RuTPU)RU\TPU\pers\30333 
702 1 |a Корниенко  |b А. А.  |c российский философ  |c профессор Томского политехнического университета  |c заведующая кафедрой философии  |f 1941-  |g Алла Александровна  |4 727 
712 0 2 |a Национальный исследовательский Томский политехнический университет (ТПУ)  |b Институт социально-гуманитарных технологий (ИСГТ)  |b Кафедра философии (ФИЛ)  |3 (RuTPU)RU\TPU\col\18928 
801 2 |a RU  |b 63413507  |c 20160405  |g RCR 
850 |a 63413507 
856 4 |u http://conf.sfu-kras.ru/sites/mn2014/pdf/d01/s10/s10_021.pdf 
942 |c CF